000
00264nam a22001217a 4500
008
260414b ||||| |||| 00| 0 eng d
041
_a
alb
080
_a
1.1
100
_a
20
101
_a
Histori
245
_a
Vezët e Vdekjes
_c
Binak Kelmendi
942
_2
udc
_c
BK
999
_c
60970
_d
60970